[Event "ARG-ch (Women) 74th"]
[Site "Buenos Aires"]
[Date "2023.11.23"]
[Round "4"]
[White "Castaneda, Milagros"]
[Black "Recalde, Ailin"]
[Result "1-0"]
[WhiteElo "1384"]
[BlackElo "1449"]
[PlyCount "80"]
[EventDate "2023.11.20"]
[EventType "swiss"]
[EventRounds "9"]
[EventCountry "ARG"]
[SourceTitle "CBM 217 Extra"]
[Source "ChessBase"]
[SourceDate "2024.01.31"]
[SourceVersion "1"]
[SourceVersionDate "2024.01.31"]
[SourceQuality "1"]

1. e4 c5 2. Nc3 d6 3. g3 Nf6 4. Bg2 g6 5. Nge2 Bg7 6. d3 0-0 7. h3 Nc6 8. Be3 a6 9. Qd2 Re8 10. 0-0 Bd7 11. f4 e6 12. g4 Qe7 13. Ng3 Rad8 14. f5 exf5 15. gxf5 Qe5 16. Bf4 Qd4+ 17. Kh1 Bf8 18. a3 Nh5 19. Nce2 Qf6 20. Bg5 Qe5 21. Bxd8 Nxd8 22. Rf3 Kh8 23. Rb1 gxf5 24. exf5 Bxf5 25. Rbf1 Bg6 26. Nf4 Nxf4 27. Qxf4 Qe6 28. R3f2 Bg7 29. Qf3 Qd7 30. Qd5 Re7 31. Re2 Rxe2 32. Nxe2 Bxb2 33. c3 Bxa3 34. Qa2 Bxd3 35. Qxa3 Bxe2 36. Rg1 Qf5 37. Qb2 Bc4 38. Qd2 d5 39. Qh6 Qg6 40. Qf8+ Qg8 1-0